| 000 | 01620nam a2200433Ii 4500 | ||
|---|---|---|---|
| 001 | DIGUAL0062 | ||
| 003 | NyNyDIG | ||
| 006 | m o d | ||
| 007 | cr ||||||||||| | ||
| 008 | 130201s1997 sp ob 000 0 spa d | ||
| 020 | _z9788479083601 | ||
| 020 | _z8479083603 | ||
| 035 | _a(OCoLC)648764783 | ||
| 040 |
_aDGITA _beng _epn _cDGITA |
||
| 041 | 1 |
_aspaeng _heng |
|
| 050 | 1 | 4 | _aPR2794.M8 eBook |
| 100 | 1 |
_aShakespeare, William, _d1564-1616. |
|
| 240 | 1 | 0 |
_aMuch ado about nothing. _lSpanish |
| 245 | 1 | 0 |
_aMucho ruido y pocas nueces / _cWilliam Shakespeare ; traducción y edición de John D. Sanderson. |
| 264 | 1 |
_aAlicante : _bPublicaciones de la Universidad de Alicante, _c1997. |
|
| 300 | _a1 online resource (171 pages) | ||
| 336 |
_atext _btxt _2rdacontent |
||
| 337 |
_acomputer _bc _2rdamedia |
||
| 338 |
_aonline resource _bcr _2rdacarrier |
||
| 490 | 1 | _aPublicaciones de la Universidad de Alicante. | |
| 500 | _aTranslation of: Much ado about nothing. | ||
| 500 | _aEdición bilingüe. | ||
| 546 | _aText in English and translation in Spanish. | ||
| 600 | 1 | 0 |
_aShakespeare, William, _d1564-1616. _tMuch ado about nothing. |
| 600 | 1 | 0 |
_aShakespeare, William, _d1564-1616 _xCriticism and interpretation. |
| 655 | 0 | _aElectronic books. | |
| 700 | 1 | _aSanderson, John D. | |
| 791 | 2 |
_aDigitalia (Firm), _edistributor. |
|
| 830 | 0 | _aPublicaciones de la Universidad de Alicante. | |
| 793 | 0 |
_gDigitalia eBook Collection: _aUniv. de Alicante. |
|
| 856 | 4 | 0 |
_3Digitalia Hispánica _uhttps://www.digitaliapublishing.com/a/749/ |
| 910 | _aPremium Collection: 2007-2012 | ||
| 942 | _cRAA | ||
| 999 |
_c229751 _d229751 |
||